Campeones y Subcampeones de AIACR por Imagen - Estadísticas

Estadísticas generales
  • Esta prueba ha sido intentada 3 veces
  • La puntuación promedio es 7 de 11
Estadísticas de respuestas
Imagen Hint Respuesta % Correcto
Campeón de 1931 Ferdinando Minoia
100%
Subcampeón de 1932 Baconin Borzacchini
67%
Campeón de 1936 Bernd Rosemeyer
67%
Subcampeón de 1931 Giuseppe Campari
67%
Subcampeón de 1936 Hans Stuck
67%
Subcampeón de 1935 Luigi Fagioli
67%
Campeón de 1935, 1937, 1938 Rudolf Caracciola
67%
Campeón de 1932 Tazio Nuvolari
67%
Subcampeón de 1939 Hermann Lang
33%
Campeón de 1939 Hermann Paul Müller
33%
Subcampeón de 1937,1938 Manfred von Brauchitsch
33%
No se encontraron pruebas coincidentes
Distribución de puntuación
Porcentaje de gente con cada puntuación
Porcentaje por número respondido
Historial de tus puntuaciones
No has intentado esta prueba.